| 000 | 00588nam a22001697a 4500 | ||
|---|---|---|---|
| 005 | 20130712113237.0 | ||
| 010 | _aENG-107964 | ||
| 020 |
_c995.00 _a9789350352335 |
||
| 035 | _aEN-91497 | ||
| 037 | _bDBAD/PUB | ||
| 100 | _aMidha, J.R. | ||
| 245 | 0 | 0 |
_aLaw relating to motor accident claims : _cby J.R. Midha _bA ready referencer with latest judgments / |
| 260 |
_aDelhi _bUniversal Law Publishing Co. _c2012 |
||
| 270 |
_aC-FF-1A, Dilkhus Industrial Estate, (Near Azadpur Metro Station) G.T. Karnal Road, _bDelhi _e110033 |
||
| 300 |
_axxxv,708p. : _c28cm(Hb) _bill. |
||
| 942 |
_2ddc _cEN _mMID |
||
| 999 |
_c77430 _d77430 |
||